[Event "DEN-chT 0809"]
[Site "Denmark"]
[Date "2009.02.22"]
[Round "7.3"]
[White "Nielsen, Nicholas"]
[Black "Hutters, Tomas"]
[Result "0-1"]
[WhiteElo "2146"]
[BlackElo "2413"]
[PlyCount "60"]
[EventDate "2008.11.01"]
[EventType "team-tourn"]
[EventRounds "9"]
[EventCountry "DEN"]
[SourceTitle "EXT 2023"]
[Source "ChessBase"]
[SourceDate "2022.10.05"]
[SourceVersion "1"]
[SourceVersionDate "2022.10.05"]
[SourceQuality "1"]
[WhiteTeam "Helsingor"]
[BlackTeam "Helsinge"]
[WhiteTeamCountry "DEN"]
[BlackTeamCountry "DEN"]

1. e4 c5 2. Nf3 d6 3. b3 Nc6 4. Bb2 e5 5. Bc4 g6 6. b4 cxb4 7. d4 Bg7 8. dxe5 Nge7 9. h4 h6 10. Nbd2 Nxe5 11. Nxe5 dxe5 12. Qf3 0-0 13. Qg3 Qc7 14. Bb3 a5 15. a4 bxa3 16. Rxa3 b5 17. Nf3 a4 18. 0-0 Bb7 19. Ba2 b4 20. Bxe5 Bxe5 21. Nxe5 bxa3 22. Nxg6 Qxg3 23. Nxe7+ Kh8 24. fxg3 Bxe4 25. c4 Rae8 26. Nd5 Bxd5 27. cxd5 Re2 28. Ra1 Rfe8 29. Kf1 Rd2 30. Bc4 Re4 0-1

[Event "DEN-chT 0708"]
[Site "Denmark"]
[Date "2008.04.13"]
[Round "9.4"]
[White "Hutters, Tomas"]
[Black "Pedersen, Daniel Vesterbaek"]
[Result "0-1"]
[WhiteElo "2437"]
[BlackElo "2235"]
[PlyCount "61"]
[EventDate "2007.11.10"]
[EventType "team-tourn"]
[EventRounds "9"]
[EventCountry "DEN"]
[SourceTitle "EXT 2023"]
[Source "ChessBase"]
[SourceDate "2022.10.05"]
[SourceVersion "1"]
[SourceVersionDate "2022.10.05"]
[SourceQuality "1"]
[WhiteTeam "Helsinge"]
[BlackTeam "Aalborg"]
[WhiteTeamCountry "DEN"]
[BlackTeamCountry "DEN"]

1. d4 d5 2. c4 c6 3. Nf3 Nf6 4. Nc3 e6 5. e3 Nbd7 6. Qc2 Bd6 7. Bd3 0-0 8. 0-0 dxc4 9. Bxc4 a6 10. a4 c5 11. b3 b6 12. Bb2 Bb7 13. Rad1 cxd4 14. Rxd4 Qc7 15. h3 Rfd8 16. Rfd1 Bc5 17. R4d3 h6 18. Qe2 Bb4 19. Rc1 Bf8 20. Rdd1 Qc5 21. e4 Qa5 22. Nd2 Qg5 23. Nf3 Qf4 24. g3 Qc7 25. Bd3 Bc5 26. Kh2 Nh5 27. Bb1 Ndf6 28. e5 Bxf3 29. Qxf3 Qxe5 30. Kg2 Bd4 31. Rxd4 0-1

[Event "DEN-chT 0708"]
[Site "Denmark"]
[Date "2008.01.12"]
[Round "4.4"]
[White "Rasmussen, Casper"]
[Black "Hutters, Tomas"]
[Result "0-1"]
[WhiteElo "2368"]
[BlackElo "2437"]
[PlyCount "54"]
[EventDate "2007.11.10"]
[EventType "team-tourn"]
[EventRounds "9"]
[EventCountry "DEN"]
[SourceTitle "EXT 2023"]
[Source "ChessBase"]
[SourceDate "2022.10.05"]
[SourceVersion "1"]
[SourceVersionDate "2022.10.05"]
[SourceQuality "1"]
[WhiteTeam "Aarhus/Skolerne"]
[BlackTeam "Helsinge"]
[WhiteTeamCountry "DEN"]
[BlackTeamCountry "DEN"]

1. d4 Nf6 2. c4 g6 3. Nc3 Bg7 4. e4 d6 5. Nf3 0-0 6. Be2 Bg4 7. 0-0 Nfd7 8. Bg5 Nc6 9. d5 Bxf3 10. Bxf3 Nd4 11. Be2 c6 12. Qd2 Re8 13. Rae1 Qa5 14. Bd3 Ne5 15. f4 Qc5 16. Kh1 Nxc4 17. Bxc4 Qxc4 18. f5 Nb5 19. Nxb5 Qxb5 20. b3 Rac8 21. Rf3 Qc5 22. Qf4 cxd5 23. fxg6 fxg6 24. Qf7+ Kh8 25. Bxe7 Qc7 26. Rh3 Qxe7 27. Qxg6 Be5 0-1

[Event "DEN-chT 0607"]
[Site "Denmark"]
[Date "2007.03.04"]
[Round "7.3"]
[White "Hutters, Tomas"]
[Black "Fries Nielsen, Jens Ove"]
[Result "1/2-1/2"]
[WhiteElo "2426"]
[BlackElo "2405"]
[PlyCount "42"]
[EventDate "2006.11.04"]
[EventType "team-tourn"]
[EventRounds "9"]
[EventCountry "DEN"]
[SourceTitle "EXT 2023"]
[Source "ChessBase"]
[SourceDate "2022.10.05"]
[SourceVersion "1"]
[SourceVersionDate "2022.10.05"]
[SourceQuality "1"]
[WhiteTeam "Helsinge"]
[BlackTeam "Jetsmark"]
[WhiteTeamCountry "DEN"]
[BlackTeamCountry "DEN"]

1. d4 g6 2. e4 Bg7 3. Nf3 d6 4. Be2 Nf6 5. Nc3 0-0 6. 0-0 a6 7. a4 a5 8. h3 Nc6 9. Bf4 h6 10. Re1 e6 11. Bb5 Ne7 12. e5 Nfd5 13. Nxd5 Nxd5 14. Bd2 Bd7 15. Qe2 Nb6 16. b3 Bxb5 17. Qxb5 c6 18. Qe2 d5 19. Be3 Nd7 20. Nd2 f6 21. f4 fxe5 1/2-1/2

[Event "DEN-chT 0607"]
[Site "Denmark"]
[Date "2006.11.04"]
[Round "1.4"]
[White "Ejsing, Esben"]
[Black "Hutters, Tomas"]
[Result "0-1"]
[WhiteElo "2275"]
[BlackElo "2426"]
[PlyCount "52"]
[EventDate "2006.11.04"]
[EventType "team-tourn"]
[EventRounds "9"]
[EventCountry "DEN"]
[SourceTitle "EXT 2023"]
[Source "ChessBase"]
[SourceDate "2022.10.05"]
[SourceVersion "1"]
[SourceVersionDate "2022.10.05"]
[SourceQuality "1"]
[WhiteTeam "Nordkalotten"]
[BlackTeam "Helsinge"]
[WhiteTeamCountry "DEN"]
[BlackTeamCountry "DEN"]

1. f4 d5 2. Nf3 g6 3. g3 Bg7 4. Bg2 Nh6 5. 0-0 0-0 6. d3 d4 7. c3 c5 8. e4 dxe3 9. Bxe3 Qb6 10. b4 Na6 11. Ne5 Bxe5 12. fxe5 Ng4 13. Bf4 cxb4+ 14. d4 f6 15. Bd5+ Be6 16. Bxe6+ Qxe6 17. exf6 Nxf6 18. Re1 Qc4 19. Nd2 Qxc3 20. Ne4 Qc4 21. Be5 Nxe4 22. Rxe4 Nc5 23. Re3 Ne6 24. Qg4 Rf5 25. Rae1 Raf8 26. R3e2 Ng5 0-1

[Event "DEN-chT 0506"]
[Site "Denmark"]
[Date "2006.01.14"]
[Round "4.4"]
[White "Meyer, Lars A"]
[Black "Hutters, Tomas"]
[Result "0-1"]
[WhiteElo "2259"]
[BlackElo "2440"]
[PlyCount "62"]
[EventDate "2005.11.05"]
[EventType "team-tourn"]
[EventRounds "9"]
[EventCountry "DEN"]
[SourceTitle "EXT 2023"]
[Source "ChessBase"]
[SourceDate "2022.10.05"]
[SourceVersion "1"]
[SourceVersionDate "2022.10.05"]
[SourceQuality "1"]
[WhiteTeam "Aalborg"]
[BlackTeam "Helsinge"]
[WhiteTeamCountry "DEN"]
[BlackTeamCountry "DEN"]

1. d4 d6 2. Nf3 Nf6 3. c4 g6 4. Nc3 Bg7 5. e4 0-0 6. Be2 c5 7. 0-0 cxd4 8. Nxd4 Nbd7 9. Be3 Re8 10. Rc1 b6 11. f3 Bb7 12. b4 a6 13. Nb3 e6 14. Qxd6 Bf8 15. Qd4 Bxb4 16. e5 Nh5 17. Rfd1 Bc6 18. g4 Ng7 19. Ne4 Be7 20. Nd6 Rf8 21. Qb2 Rb8 22. Rd2 f6 23. Nd4 Ba8 24. Bh6 fxe5 25. Bxg7 exd4 26. Bxf8 Qxf8 27. Qxd4 e5 28. Qd3 Nc5 29. Qa3 Bxd6 30. Rcd1 Be7 31. Qe3 Ne4 0-1

[Event "DEN-chT 0506"]
[Site "Denmark"]
[Date "2005.11.06"]
[Round "2.4"]
[White "Hutters, Tomas"]
[Black "Bromann, Thorbjorn"]
[Result "0-1"]
[WhiteElo "2440"]
[BlackElo "2349"]
[PlyCount "64"]
[EventDate "2005.11.05"]
[EventType "team-tourn"]
[EventRounds "9"]
[EventCountry "DEN"]
[SourceTitle "EXT 2023"]
[Source "ChessBase"]
[SourceDate "2022.10.05"]
[SourceVersion "1"]
[SourceVersionDate "2022.10.05"]
[SourceQuality "1"]
[WhiteTeam "Helsinge"]
[BlackTeam "Bronshoj"]
[WhiteTeamCountry "DEN"]
[BlackTeamCountry "DEN"]

1. c4 Nf6 2. Nf3 e6 3. Nc3 d5 4. d4 Bb4 5. Bg5 h6 6. Bxf6 Bxc3+ 7. bxc3 Qxf6 8. g3 dxc4 9. Bg2 Nd7 10. Qa4 Qe7 11. Qxc4 c5 12. 0-0 0-0 13. Ne5 Rb8 14. Rfd1 Nxe5 15. dxe5 b5 16. Qf4 Bb7 17. Rd6 Bxg2 18. Kxg2 Qc7 19. Rad1 Qa5 20. Rd7 Qxa2 21. e4 Qa5 22. Re7 Rbd8 23. Rxd8 Qxd8 24. Rxa7 Qb8 25. Rd7 b4 26. cxb4 cxb4 27. Rd2 Rc8 28. Rd7 Rf8 29. Rd2 Qb5 30. Rb2 Rd8 31. Qe3 Rd1 32. Kf3 Rd3 0-1

[Event "DEN-ch KO"]
[Site "Koge"]
[Date "2005.03.22"]
[Round "2.1"]
[White "Hansen, Sune Berg"]
[Black "Hutters, Tomas"]
[Result "1-0"]
[WhiteElo "2553"]
[BlackElo "2445"]
[PlyCount "117"]
[EventDate "2005.03.20"]
[EventType "k.o."]
[EventRounds "4"]
[EventCountry "DEN"]
[SourceTitle "CBM 105 Extra"]
[Source "ChessBase"]
[SourceDate "2005.05.01"]
[SourceVersion "1"]
[SourceVersionDate "2005.05.01"]
[SourceQuality "1"]

1. e4 c5 2. Nf3 d6 3. d4 cxd4 4. Nxd4 Nf6 5. Nc3 e6 6. Be2 a6 7. 0-0 Be7 8. f4 0-0 9. Kh1 Qc7 10. a4 Nc6 11. Be3 Nxd4 12. Qxd4 Bd7 13. e5 Ne8 14. Bf3 Bc6 15. Ne4 Rd8 16. Qc3 Bxe4 17. Bxe4 Rc8 18. Bd4 f5 19. exf6 Bxf6 20. Qh3 Bxd4 21. Bxh7+ Kf7 22. Rfe1 Qd7 23. f5 e5 24. Bg6+ Ke7 25. Qh4+ Nf6 26. Qxd4 Rxc2 27. Rad1 Qc7 28. Qe3 Rc4 29. h3 Qc5 30. Qg5 Kd7 31. Bh5 Nxh5 32. Qxh5 Rf4 33. Qg6 R8xf5 34. Qxg7+ Rf7 35. Qg6 R7f6 36. Qg8 Rf8 37. Qb3 Rb4 38. Qg3 Rbf4 39. Kh2 R8f7 40. Qb3 Qb4 41. Qd5 Ke7 42. Rxe5+ Kf8 43. Qxd6+ Qxd6 44. Rxd6 Rxa4 45. Rb6 Rc4 46. Re3 Rc2 47. Rg3 Rd7 48. Rg4 Ke8 49. Rg8+ Kf7 50. Rb8 Rcc7 51. Kg3 Kg7 52. Kh4 Re7 53. g4 Rcd7 54. g5 Kf7 55. Kh5 Kg7 56. h4 Rc7 57. Rg6+ Kf7 58. Rh8 a5 59. Kh6 1-0

[Event "Guelph op 3rd"]
[Site "Guelph"]
[Date "2004.08.01"]
[Round "7"]
[White "Moiseenko, Alexander"]
[Black "Hutters, Tomas"]
[Result "1-0"]
[WhiteElo "2640"]
[BlackElo "2425"]
[PlyCount "105"]
[EventDate "2004.07.28"]
[EventType "swiss"]
[EventRounds "9"]
[EventCountry "CAN"]
[SourceTitle "CBM 101 Extra"]
[Source "ChessBase"]
[SourceDate "2004.09.01"]
[SourceVersion "2"]
[SourceVersionDate "2004.09.01"]
[SourceQuality "1"]

1. d4 e6 2. Nf3 c5 3. g3 cxd4 4. Nxd4 Nf6 5. Bg2 d5 6. 0-0 e5 7. Nb3 Be6 8. Nc3 Be7 9. f4 e4 10. f5 Bc8 11. Bg5 Nbd7 12. Qd4 Nb6 13. Rad1 Bd7 14. Kh1 Qc8 15. Qf2 Bc6 16. h3 h6 17. Bc1 Na4 18. Nxa4 Bxa4 19. c3 Bxb3 20. axb3 Bc5 21. Qf4 0-0 22. g4 Qd8 23. g5 hxg5 24. Qxg5 Qe7 25. Bf4 Bd6 26. c4 Bxf4 27. Rxf4 Qe5 28. Rg1 Rfd8 29. Rh4 Rd6 30. cxd5 Nh7 31. Qe3 Nf6 32. Bxe4 Nxe4 33. Rxe4 Qxf5 34. Re5 Qf6 35. Qg3 g6 36. e4 Rd7 37. h4 Kg7 38. Rf5 Qd6 39. Qc3+ Kh6 40. h5 Qe7 41. Qe3+ Kg7 42. Qd4+ Kg8 43. Rf6 Rd6 44. Rxd6 Qh4+ 45. Kg2 Qg4+ 46. Kf2 Qf4+ 47. Ke1 Qxd6 48. h6 f6 49. Rxg6+ Kh7 50. Rxf6 Qg3+ 51. Qf2 Qxb3 52. Rf7+ Kg8 53. h7+ 1-0

[Event "Guelph op 3rd"]
[Site "Guelph"]
[Date "2004.07.31"]
[Round "5"]
[White "Hutters, Tomas"]
[Black "Fedorowicz, John P"]
[Result "1/2-1/2"]
[WhiteElo "2425"]
[BlackElo "2520"]
[PlyCount "24"]
[EventDate "2004.07.28"]
[EventType "swiss"]
[EventRounds "9"]
[EventCountry "CAN"]
[SourceTitle "CBM 101 Extra"]
[Source "ChessBase"]
[SourceDate "2004.09.01"]
[SourceVersion "2"]
[SourceVersionDate "2004.09.01"]
[SourceQuality "1"]

1. Nf3 Nf6 2. c4 g6 3. Nc3 d5 4. cxd5 Nxd5 5. Qb3 Nb6 6. d4 Bg7 7. Bg5 0-0 8. Rd1 Nc6 9. e3 a5 10. a3 a4 11. Qc2 Bf5 12. Bd3 Bxd3 1/2-1/2

[Event "Nordic-chB"]
[Site "Aarhus"]
[Date "2004.02.29"]
[Round "6"]
[White "Boe, Mads"]
[Black "Hutters, Tomas"]
[Result "1/2-1/2"]
[WhiteElo "2352"]
[BlackElo "2392"]
[PlyCount "80"]
[EventDate "2003.02.23"]
[EventType "swiss"]
[EventRounds "7"]
[EventCountry "DEN"]
[SourceTitle "EXT 2008"]
[Source "ChessBase"]
[SourceDate "2007.11.25"]
[SourceVersion "1"]
[SourceVersionDate "2007.11.25"]
[SourceQuality "1"]

1. e4 c5 2. c3 Nf6 3. e5 Nd5 4. d4 cxd4 5. Nf3 Nc6 6. cxd4 d6 7. Nc3 dxe5 8. dxe5 Nxc3 9. Qxd8+ Nxd8 10. bxc3 Nc6 11. Bf4 e6 12. Rb1 Be7 13. Bd3 b6 14. Be4 Bb7 15. Nd4 Na5 16. Bxb7 Nxb7 17. Nc6 Bc5 18. Rd1 Nd8 19. Nd4 Bxd4 20. cxd4 Nc6 21. Ke2 0-0-0 22. Be3 Rd7 23. Rd2 Kb7 24. Rhd1 Nb4 25. Rc1 Rc8 26. Rxc8 Kxc8 27. Rb2 Nc6 28. Rd2 b5 29. g4 Kb7 30. f4 Nb4 31. Rb2 Nd5 32. Rxb5+ Ka6 33. Rb8 Rb7 34. Rxb7 Kxb7 35. Bd2 Kc6 36. Kd3 g6 37. a4 Nb6 38. a5 Nd5 39. Kc4 a6 40. h3 Ne7 1/2-1/2

[Event "Gausdal Classics GM 2nd"]
[Site "Gausdal"]
[Date "2003.10.26"]
[Round "8.6"]
[White "Hutters, Tomas"]
[Black "Johannessen, Leif Erlend"]
[Result "0-1"]
[WhiteElo "2414"]
[BlackElo "2495"]
[PlyCount "54"]
[EventDate "2003.10.21"]
[EventType "tourn"]
[EventRounds "11"]
[EventCountry "NOR"]
[EventCategory "8"]
[SourceTitle "EXT 2004"]
[Source "ChessBase"]
[SourceDate "2003.11.25"]
[SourceVersion "1"]
[SourceVersionDate "2003.11.25"]
[SourceQuality "1"]

1. d4 d5 2. c4 c6 3. Nf3 Nf6 4. Qc2 e6 5. Bg5 Be7 6. e3 0-0 7. Nc3 Nbd7 8. Rd1 b6 9. cxd5 Nxd5 10. Bxe7 Qxe7 11. Nxd5 cxd5 12. Bd3 Nf6 13. 0-0 Bb7 14. Rc1 Rfc8 15. Qa4 Rc7 16. b4 Ne4 17. b5 f6 18. Bxe4 dxe4 19. Nd2 Rac8 20. Rxc7 Qxc7 21. Nb3 Bd5 22. h3 Qd7 23. Rc1 a5 24. Nc5 Qe8 25. Rc2 Qh5 26. Rc1 Qe2 27. Qc2 Qxb5 0-1

[Event "Gausdal Classics GM 2nd"]
[Site "Gausdal"]
[Date "2003.10.25"]
[Round "6.6"]
[White "Orr, Mark JL"]
[Black "Hutters, Tomas"]
[Result "1-0"]
[WhiteElo "2352"]
[BlackElo "2414"]
[PlyCount "63"]
[EventDate "2003.10.21"]
[EventType "tourn"]
[EventRounds "11"]
[EventCountry "NOR"]
[EventCategory "8"]
[SourceTitle "EXT 2004"]
[Source "ChessBase"]
[SourceDate "2003.11.25"]
[SourceVersion "1"]
[SourceVersionDate "2003.11.25"]
[SourceQuality "1"]

1. d4 e6 2. e4 c5 3. d5 exd5 4. exd5 d6 5. c4 g6 6. Nc3 Bg7 7. h3 Ne7 8. Nf3 0-0 9. Bd3 Bf5 10. 0-0 Nd7 11. Bf4 Ne5 12. Nxe5 dxe5 13. Bg5 h6 14. Bxe7 Qxe7 15. Bxf5 gxf5 16. Qh5 Qf6 17. g4 fxg4 18. hxg4 Qf4 19. Qf5 Qxc4 20. Rad1 Qf4 21. d6 Qxf5 22. gxf5 e4 23. Nxe4 Bd4 24. b4 b6 25. bxc5 bxc5 26. Rd3 Rfe8 27. Rxd4 cxd4 28. Nf6+ Kf8 29. Nxe8 Rxe8 30. Rd1 Re4 31. f3 Rf4 32. Re1 1-0

[Event "Guelph Pro-Am int"]
[Site "Guelph"]
[Date "2003.08.09"]
[Round "8"]
[White "Porper, Edward"]
[Black "Hutters, Tomas"]
[Result "0-1"]
[WhiteElo "2464"]
[BlackElo "2420"]
[PlyCount "70"]
[EventDate "2003.08.04"]
[EventType "swiss"]
[EventRounds "9"]
[EventCountry "CAN"]
[SourceTitle "EXT 2022"]
[Source "ChessBase"]
[SourceDate "2021.10.06"]
[SourceVersion "1"]
[SourceVersionDate "2021.10.06"]
[SourceQuality "1"]

1. d4 e6 2. c4 Bb4+ 3. Bd2 a5 4. Nf3 Nf6 5. Nc3 b6 6. g3 Bb7 7. Bg2 Bxc3 8. Bxc3 Ne4 9. Rc1 Na6 10. a3 c5 11. d5 0-0 12. Nh4 exd5 13. cxd5 Nxc3 14. Rxc3 d6 15. 0-0 b5 16. e4 c4 17. Qd4 g6 18. Qd2 Nc5 19. Qh6 Qf6 20. Nf5 Bc8 21. g4 Bxf5 22. gxf5 Nd3 23. Rb1 Rfc8 24. Bf1 b4 25. Rc2 b3 26. Rd2 Nxb2 27. Rdxb2 a4 28. fxg6 hxg6 29. Bxc4 Rxc4 30. Re2 Rac8 31. Kg2 Rc2 32. Rxc2 Rxc2 33. Qe3 Rc3 34. Qd2 Qf3+ 35. Kg1 Rc2 0-1

[Event "Kitchener Futurity"]
[Site "Kitchener"]
[Date "2003.08.01"]
[Round "9"]
[White "Hutters, Tomas"]
[Black "Thavandiran, Shiyam"]
[Result "1-0"]
[WhiteElo "2400"]
[BlackElo "1996"]
[PlyCount "131"]
[EventDate "2003.07.25"]
[EventType "schev"]
[EventRounds "10"]
[EventCountry "CAN"]
[SourceTitle "CBM 095 Extra"]
[Source "ChessBase"]
[SourceDate "2003.09.04"]
[SourceVersion "1"]
[SourceVersionDate "2003.09.04"]
[SourceQuality "1"]

1. d4 Nf6 2. c4 e6 3. g3 d5 4. Nf3 Nc6 5. Nbd2 Be7 6. Bg2 0-0 7. 0-0 b6 8. b3 Ne4 9. Bb2 f5 10. Rc1 Bb7 11. e3 Nb4 12. Ra1 Bf6 13. Qe2 c5 14. Rfd1 Qc7 15. a3 Nc6 16. Rac1 a5 17. cxd5 Ba6 18. Qe1 exd5 19. Bf1 Qb7 20. Nb1 Rfe8 21. Nc3 cxd4 22. Bxa6 Rxa6 23. Nxd5 dxe3 24. Nxf6+ Nxf6 25. Bxf6 gxf6 26. fxe3 Raa8 27. Rd6 Ne5 28. Nxe5 Rxe5 29. Qd2 Rae8 30. Rxf6 Rxe3 31. Rxf5 Qe7 32. Qd5+ Kh8 33. Rcf1 Re1 34. Qd4+ Kg8 35. Qc4+ Kh8 36. Qd4+ Kg8 37. Qxb6 Rxf1+ 38. Kxf1 Qe1+ 39. Kg2 Qe4+ 40. Rf3 Rf8 41. Qe3 Qd5 42. Qd3 Qb7 43. Kf2 Qb6+ 44. Qe3 Rxf3+ 45. Kxf3 Qf6+ 46. Kg4 h5+ 47. Kxh5 Qf7+ 48. Kg4 Qd7+ 49. Kf4 Qd6+ 50. Ke4 Qe6+ 51. Kf4 Qd6+ 52. Kf3 Qd1+ 53. Ke4 Qb1+ 54. Kd5 a4 55. Qe8+ Kg7 56. Qxa4 Qf5+ 57. Kd4 Qg4+ 58. Ke3 Qe6+ 59. Kd3 Qf5+ 60. Qe4 Qb5+ 61. Kc3 Qa5+ 62. Kb2 Qd2+ 63. Qc2 Qd5 64. b4 Kh6 65. Qc1+ Kh5 66. Qc5 1-0

[Event "Kitchener Futurity"]
[Site "Kitchener"]
[Date "2003.07.30"]
[Round "7"]
[White "Hutters, Tomas"]
[Black "Quan, Zhe"]
[Result "0-1"]
[WhiteElo "2400"]
[BlackElo "2303"]
[PlyCount "102"]
[EventDate "2003.07.25"]
[EventType "schev"]
[EventRounds "10"]
[EventCountry "CAN"]
[SourceTitle "CBM 095 Extra"]
[Source "ChessBase"]
[SourceDate "2003.09.04"]
[SourceVersion "1"]
[SourceVersionDate "2003.09.04"]
[SourceQuality "1"]

1. d4 Nf6 2. Nf3 g6 3. c4 Bg7 4. Nc3 0-0 5. e4 d6 6. h3 e5 7. d5 a5 8. Bg5 Na6 9. Nd2 Qe8 10. g4 Nd7 11. Be2 Ndc5 12. Nb3 h6 13. Be3 b6 14. Nxc5 Nxc5 15. Qd2 Kh7 16. Bd1 f5 17. exf5 gxf5 18. Bc2 e4 19. 0-0-0 Qe5 20. Rde1 Bd7 21. f4 Qf6 22. Bxc5 dxc5 23. gxf5 Bxf5 24. Bxe4 Rae8 25. Qd3 Rxe4 26. Rxe4 Re8 27. Rhe1 Rxe4 28. Nxe4 Qxb2+ 29. Kd1 Qa1+ 30. Kd2 Qxa2+ 31. Qc2 Qa3 32. Re3 Qb4+ 33. Ke2 a4 34. Ng5+ Kg6 35. Re6+ Bf6 36. Ne4 Bxe6 37. dxe6 Qb3 38. Qxb3 axb3 39. Kd3 Bh4 40. Nc3 Kf5 41. Nd5 Kxe6 42. Nxc7+ Kf5 43. Nd5 Bf6 44. Nxb6 Kxf4 45. Nd5+ Kf5 46. Nxf6 Kxf6 47. Kc3 Ke5 48. Kxb3 Kd4 49. Kb2 h5 50. h4 Ke4 51. Kc2 Kd4 0-1

[Event "DEN-chT 0203"]
[Site "Denmark"]
[Date "2003.03.15"]
[Round "6.5"]
[White "Matthiesen, Arne"]
[Black "Hutters, Tomas"]
[Result "1/2-1/2"]
[WhiteElo "2286"]
[BlackElo "2392"]
[PlyCount "37"]
[EventDate "2002.11.06"]
[EventType "team-tourn"]
[EventRounds "7"]
[EventCountry "DEN"]
[SourceTitle "EXT 2006"]
[Source "ChessBase"]
[SourceDate "2005.11.24"]
[SourceVersion "1"]
[SourceVersionDate "2005.11.24"]
[SourceQuality "1"]

1. d4 d5 2. c4 c6 3. Nf3 Nf6 4. e3 e6 5. Bd3 Nbd7 6. Nbd2 Bd6 7. 0-0 0-0 8. e4 dxe4 9. Nxe4 Nxe4 10. Bxe4 Qc7 11. Qe2 b6 12. b3 Bb7 13. Bb2 Rfe8 14. Ne5 f5 15. Bf3 Nxe5 16. dxe5 Be7 17. g3 Rad8 18. Rad1 c5 19. Bc3 1/2-1/2

[Event "DEN-chT playoff 0203"]
[Site "Denmark"]
[Date "2003.??.??"]
[Round "?"]
[White "Boe, Mads"]
[Black "Hutters, Tomas"]
[Result "1/2-1/2"]
[WhiteElo "2365"]
[BlackElo "2445"]
[PlyCount "85"]
[EventDate "2003.??.??"]
[EventType "team-match"]
[EventRounds "1"]
[EventCountry "DEN"]
[SourceTitle "EXT 2008"]
[Source "ChessBase"]
[SourceDate "2007.11.25"]
[SourceVersion "1"]
[SourceVersionDate "2007.11.25"]
[SourceQuality "1"]

1. Nf3 Nf6 2. d4 d5 3. Bf4 Bf5 4. e3 e6 5. Nbd2 Bd6 6. Ne5 Nbd7 7. Be2 Bxe5 8. dxe5 Ne4 9. g4 Bg6 10. Nxe4 Bxe4 11. f3 Bg6 12. Bg3 h5 13. gxh5 Rxh5 14. Qd2 Qe7 15. 0-0-0 0-0-0 16. h4 Rhh8 17. Rh2 Qc5 18. Rdh1 Rh5 19. f4 Qc6 20. Bxh5 Bxh5 21. Qd4 Nc5 22. Be1 b6 23. Bb4 Ne4 24. Rg1 g6 25. Ba3 Qb5 26. Qd3 Qa4 27. Kb1 c5 28. Rc1 b5 29. c3 Rd7 30. Ka1 Rc7 31. Rhc2 Bg4 32. c4 bxc4 33. Rxc4 dxc4 34. Qxe4 Rd7 35. Bxc5 Rd1 36. Qa8+ Kc7 37. Bd6+ Kb6 38. Qd8+ Ka6 39. Qc8+ Kb6 40. Qc5+ Ka6 41. Qc8+ Kb6 42. Qc7+ Ka6 43. Qc8+ 1/2-1/2

[Event "DEN-chT 0203"]
[Site "Denmark"]
[Date "2002.11.16"]
[Round "3.4"]
[White "Jensen, Jacob Bjerre"]
[Black "Hutters, Tomas"]
[Result "0-1"]
[WhiteElo "2182"]
[BlackElo "2392"]
[PlyCount "102"]
[EventDate "2002.11.06"]
[EventType "team-tourn"]
[EventRounds "7"]
[EventCountry "DEN"]
[SourceTitle "EXT 2006"]
[Source "ChessBase"]
[SourceDate "2005.11.24"]
[SourceVersion "1"]
[SourceVersionDate "2005.11.24"]
[SourceQuality "1"]

1. d4 d5 2. c4 c6 3. Nc3 Nf6 4. e3 e6 5. Nf3 Nbd7 6. Bd3 dxc4 7. Bxc4 b5 8. Bd3 Bb7 9. e4 b4 10. Na4 c5 11. e5 Nd5 12. 0-0 cxd4 13. Nxd4 Nc7 14. Bf4 Nc5 15. Be2 Qd7 16. Rc1 N5a6 17. Nb5 Nd5 18. Be3 Be7 19. Nxa7 0-0 20. Bb5 Qd8 21. Nc6 Bxc6 22. Bxc6 Nxe3 23. fxe3 Rb8 24. Qd7 Bg5 25. Qa7 Qc7 26. Qxa6 Bxe3+ 27. Kh1 Bxc1 28. Rxc1 Qxe5 29. Qf1 Rfd8 30. Qf2 Rbc8 31. Rf1 f6 32. Bf3 Qb5 33. b3 Rc2 34. Qe1 e5 35. Rf2 Rxf2 36. Qxf2 e4 37. Be2 Rd2 38. Bxb5 Rxf2 39. Nc5 Rxa2 40. Kg1 f5 41. Kf1 Kf7 42. Na6 Ra1+ 43. Kf2 Ra2+ 44. Kg3 g5 45. Nxb4 f4+ 46. Kh3 Rb2 47. Bc4+ Kf6 48. Nc6 Rd2 49. g3 f3 50. g4 e3 51. Kg3 e2 0-1

[Event "EU-Cup 17th"]
[Site "Panormo"]
[Date "2001.09.24"]
[Round "2.5"]
[White "Hutters, Tomas"]
[Black "Dzjuba, Vsevolod"]
[Result "1/2-1/2"]
[WhiteElo "2390"]
[BlackElo "2273"]
[PlyCount "70"]
[EventDate "2001.09.22"]
[EventType "team-swiss"]
[EventRounds "7"]
[EventCountry "GRE"]
[SourceTitle "CBM 084 Extra"]
[Source "ChessBase"]
[SourceDate "2001.10.26"]
[SourceVersion "1"]
[SourceVersionDate "2001.10.26"]
[SourceQuality "1"]
[WhiteTeam "Helsinge"]
[BlackTeam "Riga"]
[WhiteTeamCountry "DEN"]
[BlackTeamCountry "LAT"]

1. c4 g6 2. d4 Nf6 3. Bg5 Bg7 4. Nc3 d6 5. e3 0-0 6. Nf3 Nbd7 7. Qc2 e5 8. Rd1 exd4 9. Nxd4 Nc5 10. Be2 Ne6 11. Bh4 Nxd4 12. Rxd4 Bd7 13. 0-0 Re8 14. Bf3 Bc6 15. Nd5 h6 16. Nxf6+ Bxf6 17. Bxf6 Qxf6 18. Bd5 Re7 19. Qb3 Rae8 20. Rfd1 a5 21. h3 Kg7 22. R1d2 g5 23. Qc3 Ra8 24. c5 Bxd5 25. cxd6 cxd6 26. Rxd5 Qxc3 27. bxc3 Rc7 28. Rxd6 Rxc3 29. Rd7 b6 30. Rb7 Rc1+ 31. Kh2 Rc6 32. Kg3 Re8 33. Rdd7 Rf6 34. Rd3 Re4 35. f3 Ree6 1/2-1/2